00293nam a22001097a 4500003000400000082001600004100001600020245008900036260003500125300000700160650001600167SGT a617.3bE23D aDUA, KARTIK aTo evaluate the functional outcome of surgical management of tibil plateau fractures aGURUGRAMbSGT UNIVERSITYc2023 a93 aORTHOPAEDIC